000
00324nam a2200145Ia 4500
005
20251222175919.0
008
251222s9999||||xx |||||||||||||| ||spa||
020
_a
9788423339235
082
_a
863.64/E94
100
_a
Etxaberria, LucĂa
245
0
_a
Cosmofobia
250
_a
1ra.ed.
264
_b
Destino
942
_c
LIB
999
_c
40602
_d
40602